000 01169nam a2200229Ii 4500
003 JO-AjNU
008 230605s9999||||xx |||||||||||||| ||und||
017 _a25808
020 _a978-977-308-611-4
040 _aJO-AjNU
_bara
_erda
_cJO-AjNU
041 _aara
050 1 4 _aDS36.82.2019
100 3 _aتأليف الخويلدي، محمد علي عمر,
_eauthor
_961882
245 0 0 _aالتأثير الحضاري العربي الاسلامي في شرق افريقيا من القرن الخامس الهجري حتى السابع 424-656هـ/1129-1258م: (دراسة في الاحوال الجغرافية وعوامل انتشار الاسلام والتأثيرات الدينية والثقافية والاجتماعية)
250 _aالطبعة الاولى
264 3 1 _aدسوق: دار العلم والايمان للنشر والتوزيع، 2019
300 _a184ص
_b ويحتوي على قائمة مراجع وببلوغرافيا من ص165-ص184
336 _atext
_btxt
_2rdacontent
337 _aunmediated
_bn
_2rdamedia
338 _avolume
_bnc
_2rdacarrier
650 4 _aافريقيا-تاريخ-العصر الاسلامي
_961883
999 _aA27994
_c31562
_d31562